| 000 | 00531nam a2200169 i 4500 | ||
|---|---|---|---|
| 001 | 34850 | ||
| 003 | ES-MaACL | ||
| 005 | 20251003063051.0 | ||
| 007 | t| | ||
| 008 | 030211s1927 sp ||||1| spa d | ||
| 100 | 1 |
_aBoix, Emilio, _d1859-1953 _929888 |
|
| 245 | 1 | 0 |
_aSituación económica de Chile _b: estudio económico comercial del país / _cEmilio Boix. |
| 260 |
_aMadrid : _b[s.n., _c1927] ( _fImp. del Ministerio de Estado) |
||
| 300 |
_a47 p. ; _c23 cm. |
||
| 852 |
_aES-MaACL _j1708-F-20 |
||
| 999 |
_c34850 _d34850 |
||